Логопедия (Запис номер 407241)
[ съкратено ]
| 000 -Лидер | |
|---|---|
| Контролно поле с фиксирана дължина | nam a22 a 4500 |
| 003 - Код на организацията, давaща контролен номер | |
| Контролно поле | BLK |
| 005 - Дата и час на последна редакция | |
| Контролно поле | 20211101115233.0 |
| 008 - Елементи от данни с фиксирана дължина | |
| fixed length control field | 180408b bul|||||r ||||||| ||bul|| |
| 040 ## - Източник на каталожния запис | |
| Идентификатор на билиотеката - собственик на записа | BLK |
| 041 ## - Код за език | |
| Код за езика на текст/звукозапис или на отделно заглавие | Руски |
| Код за езика КДБФ | Руски |
| 080 ## - УДК | |
| Текстов определител УДК | Възпитание на деца с увредени сетива и нервна система (слепи, глухонеми, епилептици). Логопедия |
| УДК код - определител по УДК | 376.3 |
| УДК определител | (075.8) |
| УДК - код + определител | 376.3(075.8) |
| 100 ## - Редна дума - Автор | |
| Автор | Хватцев, Михаил Ефимович |
| Авторска отговорност | първи автор |
| R(LIN) | 447484 |
| 139 ## - Редно поле | |
| Редна дума | Хватцев, Михаил Ефимович |
| 245 10 - Сведения за заглавието | |
| Заглавие | Логопедия |
| Подзаглавни данни | Пособие для студентов педагогич. инст. и учителей спец. школ |
| Редно поле (дума) | Михаил Ефимович Хватцев; предисл. Михаил Ефимович Хватцев |
| 250 ## - Област на изданието | |
| Сведения за изданието | 4. изд. |
| 257 ## - Страна на издаване | |
| Страна на създаване/издаване | СССР |
| 260 ## - Област на издателските данни | |
| Име на издателя, разпространителя и проч. | Узнедгиз Государственное учебно-педагогическое издательство министерства просвещения РСФСР |
| Година на издаване | 1951 |
| 9 (RLIN) | 403980 |
| Място на издаване, разпространение и проч. | Москва |
| 300 ## - Физическа характеристика | |
| Страници | 436 с. |
| Размери/Мащаб | 23 см |
| Илюстрации и др. | с ил. |
| 380 ## - Жанр | |
| Жанр | Обществени науки |
| 500 ## - Общи забележки | |
| Забележка | Бел. и библиогр. под линия |
| 650 #4 - Допълнително описание по предмет – тема | |
| Основно описание – тема или топоним | Логопедия - учебници за ВУЗ |
| 9 (RLIN) | 247019 |
| 653 ## - Ключова дума – ненормативна | |
| Ключова дума | логопедия |
| 700 ## - Други автори (авторска отговорност) | |
| 9 (RLIN) | 1264 |
| Лично име | Хватцев, Михаил Ефимович |
| Автороска отговорност (Описва отношението между автора и произведението) | предисл. |
| 852 ## - Местоположение | |
| Форматна сигнатура | Цб 4.225.50208 |
| Фондова буква | Хранилище |
| 999 ## - СИСТЕМНИ КОНТРОЛНИ НОМЕРА | |
| Koha biblionumber | 407241 |
| Koha biblioitemnumber | 407241 |
| 942 ## - АРТИКУЛИ | |
| Вид на библиотечния материал | Книги |
| Скрит в OPAC | Не |
| Периодичен библиозапис | Да |
| 944 ## - СЪЗДАВАНЕ И РЕДАКЦИЯ на ЗАПИСА | |
| Създаване/Редакция | Създаване |
| Дата на регистрацията/редакция | 2021-04-09 |
| Служител, извършил регистрацията/редакцията | СТ |
| 999 ## - СИСТЕМНИ КОНТРОЛНИ НОМЕРА | |
| Koha biblioitemnumber | 407241 |
| Код за отписване | Код за изгубен артикул | Източник на класификационната схема | Код за повреда | Коз за рестрикции | Код за отдаване | Артикулен № | Име на библиотеката - собственик | Име на библиотеката, в която се намира в момента | Статус (Текущо местоположение) | Дата на вписване в системата | Местоположение - отдел | Цена в лева | Инвентарен номер | Систематично азбучна сигнатура | Баркод | Цена в евро | Служебен тип на артикула |
|---|---|---|---|---|---|---|---|---|---|---|---|---|---|---|---|---|---|
| Не е изгубен | Universal Decimal Classification | Не е повреден | само за читалня | ползва се в читалня | 823296 | Регионална библиотека "Любен Каравелов" Русе | Регионална библиотека "Любен Каравелов" Русе | Хранилище | 2021-04-14 | Основен фонд - ползва се само за читалня | 0.81 | 1244/54 | Цб 4.225.50208 | 900000052222 | 0.41 | Книги |